[Event "25th International Tournament Nikaia"]
[Site "Nikaia"]
[Date "2017.08.28"]
[Round "3.15"]
[White "Liargovas, Dimitrios"]
[Black "Karagiannis, Athanasios"]
[Result "0-1"]
[WhiteElo "1988"]
[BlackElo "2220"]
[PlyCount "56"]
[EventDate "2017.08.26"]

1. Nf3 d5 2. d4 c6 3. e3 Bg4 4. Be2 Nf6 5. O-O e6 6. h3 Bh5 7. Nbd2 Nbd7 8. c4
Bd6 9. b3 O-O 10. Bb2 Qe7 11. Ne5 Bxe2 12. Qxe2 Ba3 13. Ndf3 Nxe5 14. Nxe5 Bd6
15. Nf3 Ne4 16. Rac1 f5 17. Rc2 Rf6 18. Ne5 Raf8 19. c5 Bxe5 20. dxe5 Rh6 21.
Rd1 f4 22. exf4 Rxf4 23. f3 Ng3 24. Qe1 Rg6 25. Rd4 Nh5 26. Rxf4 Nxf4 27. Kh2
Qg5 28. g4 Rh6 0-1

[Event "25th International Tournament Nikaia"]
[Site "Nikaia"]
[Date "2017.08.28"]
[Round "3.16"]
[White "Bousios, Hristos"]
[Black "Nemtsas, Hristoforos"]
[Result "1/2-1/2"]
[WhiteElo "2219"]
[BlackElo "1938"]
[PlyCount "119"]
[EventDate "2017.08.26"]

1. d4 Nf6 2. c4 g6 3. Nc3 Bg7 4. e4 d6 5. f4 O-O 6. Nf3 Na6 7. Bd3 Bg4 8. O-O
Nd7 9. d5 Ndc5 10. Be3 f5 11. exf5 Nxd3 12. Qxd3 Bxf5 13. Qd2 c5 14. dxc6 bxc6
15. Nd4 Bd7 16. Rad1 e5 17. Nde2 exf4 18. Bxf4 Be6 19. b3 Qb6+ 20. Be3 Rxf1+
21. Kxf1 Qa5 22. Qxd6 Bg4 23. h3 Rf8+ 24. Kg1 Bxe2 25. Qe6+ Kh8 26. Nxe2 Qxa2
27. Bd4 Bxd4+ 28. Rxd4 Qb1+ 29. Kh2 Qf5 30. Qd6 Qf6 31. Qg3 Re8 32. Rf4 Qd6 33.
Nc3 Nc5 34. b4 Nd3 35. Rf3 Qxg3+ 36. Rxg3 Nxb4 37. Rg5 Kg7 38. Ra5 Re7 39. Ra4
Nd3 40. Ra6 Ne5 41. Na2 Rc7 42. Nb4 Kf7 43. Kg3 g5 44. h4 h6 45. hxg5 hxg5 46.
c5 Ke6 47. Kf2 Kf5 48. Ke3 g4 49. g3 Re7 50. Kf2 Rb7 51. Nxc6 Nxc6 52. Rxc6
Rb2+ 53. Ke3 Ke5 54. Rg6 Rb3+ 55. Kf2 Kf5 56. Ra6 Rf3+ 57. Kg2 Rc3 58. Rxa7
Rxc5 59. Rf7+ Kg6 60. Rf2 1/2-1/2

[Event "25th International Tournament Nikaia"]
[Site "Nikaia"]
[Date "2017.08.28"]
[Round "3.17"]
[White "Grigoriadis, Alexandros"]
[Black "Ornithopoulos, Nikolaos"]
[Result "1/2-1/2"]
[WhiteElo "2189"]
[BlackElo "1974"]
[PlyCount "86"]
[EventDate "2017.08.26"]

1. c4 e5 2. Nc3 d6 3. Nf3 f5 4. d4 e4 5. Bg5 Be7 6. Bxe7 Qxe7 7. Nd5 Qd8 8. Nd2
Nf6 9. e3 c6 10. Nc3 O-O 11. Be2 c5 12. Nb3 b6 13. O-O Bb7 14. Qd2 Qe7 15. a4
a5 16. dxc5 dxc5 17. Nd5 Nxd5 18. cxd5 Nd7 19. Rad1 Qd6 20. Qc3 Ne5 21. Nd2 Rf6
22. b3 Rh6 23. h3 Re8 24. Nc4 Nxc4 25. bxc4 Bc8 26. f4 exf3 27. Rxf3 Bd7 28.
Ra1 g5 29. Raf1 g4 30. Rf4 gxh3 31. g3 h2+ 32. Kh1 Qe5 33. Qxe5 Rxe5 34. Bd3
Rxe3 35. Bxf5 Bxf5 36. Rxf5 Rg6 37. Kxh2 Re2+ 38. Kh3 Rh6+ 39. Kg4 Rg6+ 40. Rg5
Kg7 41. Rxg6+ Kxg6 42. Rf5 Re3 43. Rf3 Re4+ 1/2-1/2

[Event "25th International Tournament Nikaia"]
[Site "Nikaia"]
[Date "2017.08.28"]
[Round "3.18"]
[White "Kalofonos, Panayotis"]
[Black "Mavrikakis, Georgios"]
[Result "0-1"]
[WhiteElo "1982"]
[BlackElo "2107"]
[PlyCount "60"]
[EventDate "2017.08.26"]

1. e4 e5 2. Nf3 Nc6 3. Nc3 Nf6 4. Bb5 Bd6 5. d3 O-O 6. g4 Nd4 7. Bc4 c6 8. g5
Ne8 9. Be3 b5 10. Bb3 a5 11. a3 Nxb3 12. cxb3 Bb7 13. Qe2 Nc7 14. Kd2 Ne6 15.
h4 Bc7 16. g6 fxg6 17. h5 b4 18. axb4 axb4 19. Na4 d5 20. Nc5 Nxc5 21. Bxc5
Rxa1 22. Rxa1 Bd6 23. Bxd6 Qxd6 24. hxg6 hxg6 25. exd5 Qxd5 26. Nxe5 Qd4 27.
Re1 Qxb2+ 28. Kd1 Qa1+ 29. Kd2 Qc3+ 30. Kd1 Ra8 0-1

[Event "25th International Tournament Nikaia"]
[Site "Nikaia"]
[Date "2017.08.28"]
[Round "3.19"]
[White "Grigoriadis, Mihail"]
[Black "Kouta, Antonia"]
[Result "1-0"]
[WhiteElo "2102"]
[BlackElo "1693"]
[PlyCount "47"]
[EventDate "2017.08.26"]

1. e4 c5 2. Nf3 e6 3. d4 cxd4 4. Nxd4 Nc6 5. Nc3 Qc7 6. Be3 a6 7. Nxc6 Qxc6 8.
Qd4 b5 9. Be2 Bb7 10. b4 Rc8 11. Bd2 Be7 12. f3 d6 13. f4 Bf6 14. e5 Qxg2 15.
O-O-O dxe5 16. fxe5 Bg5 17. Rhg1 Bxd2+ 18. Qxd2 Qc6 19. Rxg7 Ne7 20. Bh5 Ng6
21. Bf3 Qc7 22. Bxb7 Qxb7 23. Ne4 Kf8 24. Nd6 1-0

[Event "25th International Tournament Nikaia"]
[Site "Nikaia"]
[Date "2017.08.29"]
[Round "4.1"]
[White "Georgiou, Kostantinos"]
[Black "Stathopoulos, Ioannis"]
[Result "0-1"]
[WhiteElo "2162"]
[BlackElo "2323"]
[PlyCount "110"]
[EventDate "2017.08.26"]

1. e4 c5 2. Nf3 d6 3. d4 cxd4 4. Nxd4 Nf6 5. Nc3 a6 6. f4 Qc7 7. a4 e5 8. Nf3
b6 9. Bd3 Nbd7 10. O-O Be7 11. Kh1 Bb7 12. Qe2 Nc5 13. Bd2 O-O 14. Rae1 Rae8
15. Qf2 Nfd7 16. fxe5 Nxd3 17. cxd3 dxe5 18. Qg3 Kh8 19. d4 Bd6 20. Qh3 f6 21.
d5 Nc5 22. Nh4 Bc8 23. g4 Kg8 24. Nf5 Nb3 25. Be3 Bc5 26. Rd1 Bxe3 27. d6 Qc6
28. Ne7+ Rxe7 29. dxe7 Re8 30. Qxe3 Nd4 31. g5 f5 32. Nd5 Be6 33. Rc1 Bxd5 34.
Rxc6 Bxc6 35. Rxf5 Nxf5 36. Qb3+ Kh8 37. Qe6 Nxe7 38. Qxe5 Ng8 39. Qd6 Bxa4 40.
Qxb6 Bb5 41. Qb7 Bd3 42. Kg1 Rxe4 43. Qd5 Re1+ 44. Kf2 Re2+ 45. Kg3 Bb5 46. b4
Re3+ 47. Kf2 Rh3 48. Qd6 h6 49. g6 Rh5 50. Kg3 Rf5 51. Kh4 Rf6 52. Qg3 Be8 53.
h3 Rxg6 54. Qb8 Nf6 55. b5 Rg2 0-1

[Event "25th International Tournament Nikaia"]
[Site "Nikaia"]
[Date "2017.08.29"]
[Round "4.2"]
[White "Samaridis, Konstantinos"]
[Black "Skaperdas, Kostantinos"]
[Result "0-1"]
[WhiteElo "2057"]
[BlackElo "2200"]
[PlyCount "136"]
[EventDate "2017.08.26"]

1. c4 e6 2. Nc3 d5 3. d4 a6 4. cxd5 exd5 5. Bf4 c6 6. e3 Bd6 7. Bxd6 Qxd6 8.
Bd3 Ne7 9. Qc2 g6 10. Nge2 Bf5 11. Ng3 Bxd3 12. Qxd3 Nd7 13. O-O O-O 14. Rac1
Rad8 15. Na4 Nc8 16. Nc5 Nxc5 17. dxc5 Qf6 18. Qd4 Qxd4 19. exd4 Rfe8 20. Rfe1
h5 21. h4 Kg7 22. f3 Kf6 23. Kf2 Rxe1 24. Rxe1 Ne7 25. Re3 Rd7 26. Ra3 Rc7 27.
Ke3 Nf5+ 28. Nxf5 Kxf5 29. b4 f6 30. Rb3 g5 31. a4 gxh4 32. b5 axb5 33. axb5
Rg7 34. Kf2 Kf4 35. b6 h3 36. gxh3 h4 37. Ra3 Rg3 38. Ra7 Rxf3+ 39. Ke2 Re3+
40. Kd2 Re7 41. Ra8 Rg7 42. Rc8 Ke4 43. Rc7 Rg2+ 44. Kc3 Rg3+ 45. Kb4 Kxd4 46.
Rxb7 Rg1 47. Rb8 Rb1+ 48. Ka5 Kxc5 49. Ka6 f5 50. Ka7 f4 51. Rh8 Rxb6 52. Rxh4
Rb4 53. Rh8 d4 54. Rd8 Rb3 55. h4 Rh3 56. Rh8 Kd5 57. h5 f3 58. Kb6 f2 59. Rf8
Rxh5 60. Rxf2 Ke4 61. Kxc6 Ke3 62. Rf8 d3 63. Re8+ Kf2 64. Rf8+ Ke2 65. Re8+
Kd1 66. Rd8 d2 67. Kb6 Rh2 68. Ka5 Ke1 0-1

[Event "25th International Tournament Nikaia"]
[Site "Nikaia"]
[Date "2017.08.29"]
[Round "4.3"]
[White "Gogolis, Alexandros"]
[Black "Gripeos, Kiriakos"]
[Result "1/2-1/2"]
[WhiteElo "2190"]
[BlackElo "2040"]
[PlyCount "69"]
[EventDate "2017.08.26"]

1. d4 Nf6 2. Nf3 g6 3. Bg5 Bg7 4. Nbd2 d6 5. c3 O-O 6. e4 c5 7. dxc5 dxc5 8.
Bc4 Nc6 9. Qe2 Qc7 10. O-O Na5 11. Bd3 Be6 12. Rfe1 h6 13. Bh4 Nh5 14. Qe3 g5
15. Bg3 Nxg3 16. hxg3 Rad8 17. Bc2 g4 18. Nh4 Qe5 19. Qe2 a6 20. Kh2 Qg5 21. f4
gxf3 22. Ndxf3 Qg4 23. Nf5 Bxf5 24. exf5 Bf6 25. Qf2 b6 26. Kg1 Qg7 27. Re4 Nc6
28. Rae1 Kh8 29. g4 Rd6 30. g3 Rfd8 31. Kg2 Kg8 32. R1e2 Kh8 33. Qg1 Kg8 34.
Bb3 Na5 35. Bc2 1/2-1/2

[Event "25th International Tournament Nikaia"]
[Site "Nikaia"]
[Date "2017.08.29"]
[Round "4.4"]
[White "Mavrikakis, Georgios"]
[Black "Nikolaidis, Ioannis"]
[Result "0-1"]
[WhiteElo "2107"]
[BlackElo "2561"]
[PlyCount "116"]
[EventDate "2017.08.26"]

1. e4 e6 2. d4 d5 3. e5 c5 4. c3 Nc6 5. Nf3 Bd7 6. Be2 f6 7. O-O fxe5 8. Nxe5
Nxe5 9. dxe5 Qc7 10. Re1 O-O-O 11. Bf4 Ne7 12. Bd3 Nc6 13. Nd2 c4 14. Bc2 Bc5
15. Bg3 g5 16. Qh5 Rdg8 17. b4 Be7 18. Qf7 Rf8 19. Qg7 h5 20. b5 h4 21. bxc6
Bxc6 22. Nf3 hxg3 23. hxg3 Be8 24. Bh7 Bc5 25. Qxc7+ Kxc7 26. Bc2 Bh5 27. Nd4
Bxd4 28. cxd4 b5 29. Rab1 Be8 30. f3 a5 31. a3 Bd7 32. Rb2 Rb8 33. Reb1 Rb6 34.
f4 Rhb8 35. fxg5 Rg8 36. g6 Be8 37. Kf2 Bxg6 38. Bxg6 Rxg6 39. Rxb5 Rxb5 40.
Rxb5 Rg4 41. Kf3 Rxd4 42. g4 Rd3+ 43. Kf4 c3 44. g5 Rd4+ 45. Kf3 Rc4 46. Rb1
Kd7 47. g6 c2 48. Rc1 Ke7 49. Ke3 Kf8 50. Kd2 Kg7 51. Rxc2 Rxc2+ 52. Kxc2 Kxg6
53. Kd3 Kf5 54. Kd4 Kf4 55. a4 Kg3 56. Kc5 Kxg2 57. Kb5 Kf2 58. Kxa5 d4 0-1

[Event "25th International Tournament Nikaia"]
[Site "Nikaia"]
[Date "2017.08.29"]
[Round "4.5"]
[White "Poulopoulos, Ioannis"]
[Black "Spyropoulos, Nikolaos"]
[Result "0-1"]
[WhiteElo "2290"]
[BlackElo "2108"]
[PlyCount "122"]
[EventDate "2017.08.26"]

1. Nf3 Nf6 2. g3 d5 3. c4 e6 4. Bg2 c6 5. d4 Bb4+ 6. Nc3 dxc4 7. Ne5 Nd5 8. Bd2
Nb6 9. Ne4 Bxd2+ 10. Qxd2 O-O 11. Rc1 N8d7 12. Nxc4 Nxc4 13. Rxc4 e5 14. dxe5
Nxe5 15. Rd4 Qe7 16. O-O f6 17. Rc1 Bf5 18. Nd6 Be6 19. b4 Rad8 20. a4 Rd7 21.
f4 Rfd8 22. fxe5 fxe5 23. Nc8 Rxc8 24. Rxd7 Qxd7 25. Qxd7 Bxd7 26. Rc5 Re8 27.
Be4 a6 28. Kf2 Kf7 29. h4 h6 30. Rc1 Ke7 31. Ke3 Rf8 32. b5 axb5 33. axb5 cxb5
34. Rc7 Kd6 35. Rxb7 Rc8 36. Kd3 Rc4 37. Rb6+ Ke7 38. e3 Rc1 39. Kd2 Rg1 40.
Rg6 Kf7 41. Rd6 Be6 42. Rb6 Rxg3 43. h5 Bc4 44. Rb8 Rh3 45. Bg6+ Ke7 46. Re8+
Kd6 47. Rc8 Rh2+ 48. Kc3 Be6 49. Rd8+ Kc5 50. Re8 b4+ 51. Kd3 Bc4+ 52. Ke4 b3
53. Kxe5 Kb4 54. Re7 b2 55. Rxg7 Rxh5+ 56. Kf4 Rh1 57. Rb7+ Kc3 58. Rb6 h5 59.
Kf3 h4 60. Kf2 Bd3 61. Kg2 b1=Q 0-1

[Event "25th International Tournament Nikaia"]
[Site "Nikaia"]
[Date "2017.08.29"]
[Round "4.6"]
[White "Androutsopoulos-Agiotatos, Vas"]
[Black "Kouskoutis, Georgios-Alexandro"]
[Result "0-1"]
[WhiteElo "2079"]
[BlackElo "2270"]
[PlyCount "142"]
[EventDate "2017.08.26"]

1. e4 c6 2. Nc3 d5 3. Nf3 Bg4 4. h3 Bxf3 5. Qxf3 Nf6 6. d4 e6 7. Bd3 dxe4 8.
Nxe4 Nbd7 9. c3 Be7 10. O-O Nxe4 11. Qxe4 Nf6 12. Qe2 O-O 13. Bg5 Nd5 14. Qe4
g6 15. Bh6 Re8 16. Rad1 b5 17. Rfe1 Qb6 18. Qf3 Bf8 19. Bxf8 Rxf8 20. h4 Qd8
21. g3 Qf6 22. Qe2 Rfd8 23. Qe5 Qxe5 24. dxe5 Kf8 25. Be4 Ke7 26. Rd2 Nb6 27.
Rc2 Rac8 28. f4 h5 29. Kf2 c5 30. Ree2 c4 31. Rcd2 Na4 32. Ke3 Nc5 33. Bc2 a5
34. a3 Rb8 35. Rd4 Rxd4 36. Kxd4 Na6 37. Ke3 b4 38. axb4 axb4 39. cxb4 Rxb4 40.
Kd4 Nc7 41. Be4 f5 42. exf6+ Kxf6 43. Kc3 Ra4 44. Bc6 Ra6 45. Be4 Ra4 46. Bc6
Ra1 47. Be4 Rc1+ 48. Bc2 Rg1 49. Kxc4 Rxg3 50. b4 Rf3 51. b5 Rxf4+ 52. Be4 Nxb5
53. Kxb5 Rxh4 54. Rf2+ Kg7 55. Re2 Rf4 56. Kc4 Kf6 57. Kd3 g5 58. Ke3 Rf1 59.
Ra2 Re1+ 60. Kd3 Ke5 61. Bg6 h4 62. Bh5 Kf4 63. Ra4+ Ke5 64. Ra5+ Kf4 65. Ra4+
Kf5 66. Kd2 Rg1 67. Ke3 h3 68. Ra5+ Kf6 69. Ra2 g4 70. Rh2 Kg5 71. Bxg4 Kxg4
0-1

[Event "25th International Tournament Nikaia"]
[Site "Nikaia"]
[Date "2017.08.29"]
[Round "4.7"]
[White "Alexiadis, Hristos"]
[Black "Kosmas-Lekkas, Dimitrios"]
[Result "1-0"]
[WhiteElo "2237"]
[BlackElo "2143"]
[PlyCount "161"]
[EventDate "2017.08.26"]

1. d4 d5 2. c4 dxc4 3. Nf3 Nf6 4. e3 e6 5. Bxc4 c5 6. O-O a6 7. Bd3 Nc6 8. Nc3
cxd4 9. exd4 Be7 10. Re1 O-O 11. Bg5 h6 12. Bh4 Nh5 13. Bxe7 Nxe7 14. Ne5 Nf6
15. Re3 Ned5 16. Rg3 Nf4 17. Bc2 N6h5 18. Rf3 f5 19. Bb3 Kh7 20. Re3 Nf6 21.
Re1 Qd6 22. Qd2 Ng6 23. Qe3 Ne7 24. Rad1 b6 25. f3 Ra7 26. a3 Rc7 27. Nd3 Ng6
28. Ne5 Ne7 29. Re2 Ned5 30. Nxd5 Nxd5 31. Qd2 Nf6 32. Nc4 Qd8 33. Qb4 Nd5 34.
Qd6 Rd7 35. Qe5 Rf6 36. Nd2 Rd6 37. Nf1 Ne7 38. Red2 Bb7 39. Qe3 Bd5 40. Bc2
Kh8 41. Ng3 Qe8 42. Ne4 fxe4 43. fxe4 Nf5 44. exf5 Qh5 45. fxe6 Rdxe6 46. Qg3
Re8 47. h3 Qf7 48. Re1 Rxe1+ 49. Qxe1 Re6 50. Qg3 Rf6 51. Kh2 Rf4 52. Re2 g5
53. Qe3 Qc7 54. Kg1 Qf7 55. Qe5+ Kg8 56. Kh2 Rf6 57. Bd3 a5 58. Rc2 Qe6 59.
Rc8+ Qxc8 60. Qxf6 Qe6 61. Qxe6+ Bxe6 62. Be4 Kf7 63. Kg3 Ke7 64. h4 Kf6 65.
hxg5+ hxg5 66. Kf3 Ke7 67. g3 Kd6 68. Bc2 Bd7 69. Bh7 Kd5 70. Ke3 Kc4 71. Bg8+
Kb5 72. Bd5 Bf5 73. Be4 Bd7 74. Bd5 Bf5 75. Kf3 Ka6 76. Be4 Bd7 77. Bd3+ Kb7
78. Ke4 b5 79. b4 axb4 80. axb4 Kc6 81. Ke5 1-0

[Event "25th International Tournament Nikaia"]
[Site "Nikaia"]
[Date "2017.08.29"]
[Round "4.8"]
[White "Beliotis, Georgios"]
[Black "Megalios, Konstantinos"]
[Result "1-0"]
[WhiteElo "2157"]
[BlackElo "2233"]
[PlyCount "63"]
[EventDate "2017.08.26"]

1. e4 e5 2. Nf3 Nc6 3. Bb5 a6 4. Ba4 Nf6 5. O-O Be7 6. Re1 b5 7. Bb3 d6 8. c3
O-O 9. d4 Bg4 10. Be3 exd4 11. cxd4 d5 12. e5 Ne4 13. Nbd2 Nxd2 14. Qxd2 Bb4
15. Qc2 Na5 16. Ng5 g6 17. Bd2 Bf5 18. Qc1 Bxd2 19. Qxd2 Nc4 20. Bxc4 dxc4 21.
Qe3 Qd5 22. g4 Bxg4 23. Ne4 Kg7 24. Nf6 Qe6 25. Qg3 Bf5 26. d5 Qb6 27. Re3 Qd4
28. Rae1 Rad8 29. Rf3 Kh8 30. Qg5 Bd3 31. Rh3 h5 32. Qh6# 1-0

[Event "25th International Tournament Nikaia"]
[Site "Nikaia"]
[Date "2017.08.29"]
[Round "4.9"]
[White "Papadopoulos, Nikolaos"]
[Black "Grigoriadis, Mihail"]
[Result "0-1"]
[WhiteElo "2226"]
[BlackElo "2102"]
[PlyCount "90"]
[EventDate "2017.08.26"]

1. Nf3 d6 2. d4 Nf6 3. c4 g6 4. Nc3 Bg7 5. g3 O-O 6. Bg2 c5 7. O-O Nc6 8. dxc5
dxc5 9. Be3 b6 10. Rc1 Bd7 11. Bf4 Nh5 12. Bg5 h6 13. Be3 Nf6 14. Qc2 Qc8 15.
Rcd1 Qa6 16. Qc1 Qxc4 17. Bxh6 Rac8 18. Bxg7 Kxg7 19. b3 Qb4 20. Qb2 Nd4 21.
Nxd4 cxd4 22. Ne4 e5 23. Nxf6 Kxf6 24. f4 Qc3 25. fxe5+ Kxe5 26. Qa3 Be6 27.
Rd3 Qc5 28. b4 Qc2 29. e3 Qxa2 30. exd4+ Kd6 31. d5 Qxa3 32. Rxa3 Bf5 33. Rxa7
Rc4 34. h3 Rxb4 35. g4 Be4 36. Rfxf7 Rxf7 37. Rxf7 Rb1+ 38. Bf1 Bxd5 39. Rf6+
Ke7 40. Rf4 g5 41. Rd4 Ke6 42. Kf2 b5 43. Bd3 Rb2+ 44. Ke3 Rb3 45. Kd2 Ke5 0-1

[Event "25th International Tournament Nikaia"]
[Site "Nikaia"]
[Date "2017.08.29"]
[Round "4.10"]
[White "Karagiannis, Athanasios"]
[Black "Finokaliotis, Georgios"]
[Result "1-0"]
[WhiteElo "2220"]
[BlackElo "2059"]
[PlyCount "89"]
[EventDate "2017.08.26"]

1. e4 c6 2. d4 d5 3. exd5 cxd5 4. c4 Nf6 5. Nc3 g6 6. Bg5 Bg7 7. Bxf6 Bxf6 8.
cxd5 O-O 9. Qd2 e6 10. Bc4 exd5 11. Bxd5 Nc6 12. Nge2 Bg4 13. Bxc6 bxc6 14. O-O
Rb8 15. b3 c5 16. f3 cxd4 17. Ne4 Bf5 18. Nxf6+ Qxf6 19. Qxd4 Qa6 20. Ng3 Rfd8
21. Qb2 Bd3 22. Rfe1 Qb6+ 23. Qf2 Rd7 24. Qxb6 axb6 25. Rad1 Kg7 26. Re2 Bb5
27. Rxd7 Bxd7 28. Ne4 h6 29. Rd2 Be6 30. Kf2 Rc8 31. Nd6 Rc5 32. Ke3 Kf8 33.
Ne4 Rc8 34. Kd3 Ke7 35. Rc2 Ra8 36. Kc3 g5 37. Kb4 Bd7 38. a4 Ra7 39. Nc3 Ra5
40. Re2+ Kf8 41. Rd2 Ra7 42. Rd6 Rb7 43. Nd5 Be6 44. Kb5 Ke8 45. Kc6 1-0

[Event "25th International Tournament Nikaia"]
[Site "Nikaia"]
[Date "2017.08.29"]
[Round "4.11"]
[White "Kouvatsos, Filippos"]
[Black "Sideris, Theodoros"]
[Result "1-0"]
[WhiteElo "2159"]
[BlackElo "1901"]
[PlyCount "54"]
[EventDate "2017.08.26"]

1. d4 Nf6 2. c4 c5 3. d5 b5 4. cxb5 a6 5. e3 axb5 6. Bxb5 g6 7. Nc3 Bg7 8. Nf3
O-O 9. O-O d6 10. e4 Ba6 11. Re1 Ne8 12. e5 Bxb5 13. Nxb5 Nc7 14. Nc3 Nba6 15.
Bf4 Rb8 16. Qd2 f6 17. exd6 exd6 18. Re2 Re8 19. Rxe8+ Nxe8 20. Re1 Qb6 21. b3
Qb4 22. Re4 Qa5 23. Qe3 Nac7 24. Ra4 Qb6 25. Bh6 Qb7 26. Bxg7 Nxg7 27. Qe2 Nce8
1-0

[Event "25th International Tournament Nikaia"]
[Site "Nikaia"]
[Date "2017.08.29"]
[Round "4.12"]
[White "Kofidis, Andreas"]
[Black "Tsivelekidou, Evgenia"]
[Result "1/2-1/2"]
[WhiteElo "2345"]
[BlackElo "1789"]
[PlyCount "72"]
[EventDate "2017.08.26"]

1. e4 c6 2. d4 d5 3. exd5 cxd5 4. c4 Nf6 5. Nc3 Nc6 6. Nf3 Be6 7. c5 g6 8. Bb5
Bg7 9. Ne5 Bd7 10. Bxc6 Bxc6 11. O-O O-O 12. b4 Ne4 13. Bb2 a5 14. a3 axb4 15.
axb4 Nxc3 16. Bxc3 Bb5 17. Re1 Rxa1 18. Qxa1 Qc7 19. Qa7 Rc8 20. Nf3 Re8 21. h3
Ba6 22. Ra1 Qc6 23. Ra5 e6 24. Qb6 Be2 25. Ra7 Qxb6 26. cxb6 Bxf3 27. gxf3 Rb8
28. Kf1 Bf8 29. Ke2 Bd6 30. Kd3 Kf8 31. b5 Ke7 32. Bd2 f6 33. f4 Kd7 34. Bc1
Kd8 35. Bd2 Kd7 36. Bc1 Kd8 1/2-1/2

[Event "25th International Tournament Nikaia"]
[Site "Nikaia"]
[Date "2017.08.29"]
[Round "4.13"]
[White "Nikolaidis, Konstantinos"]
[Black "Manassakis, Georgios"]
[Result "1-0"]
[WhiteElo "2227"]
[BlackElo "1978"]
[PlyCount "61"]
[EventDate "2017.08.26"]

1. e4 Nf6 2. e5 Nd5 3. d4 d6 4. Nf3 Bg4 5. Be2 dxe5 6. Nxe5 Bf5 7. c4 Nf6 8.
Nc3 c6 9. O-O e6 10. g4 Bg6 11. f4 Nbd7 12. f5 Nxe5 13. dxe5 Bc5+ 14. Kg2 Nd7
15. Ne4 Be7 16. fxg6 hxg6 17. Nd6+ Bxd6 18. Qxd6 Qh4 19. Bf4 O-O-O 20. Qa3 g5
21. Bg3 Qh3+ 22. Kg1 f6 23. exf6 gxf6 24. Qxa7 e5 25. Rad1 Kc7 26. Qa5+ Kc8 27.
Rxf6 Nxf6 28. Qa8+ Kc7 29. Bxe5+ Kb6 30. c5+ Kxc5 31. Qa5+ 1-0

[Event "25th International Tournament Nikaia"]
[Site "Nikaia"]
[Date "2017.08.29"]
[Round "4.14"]
[White "Bouboulis, Spyridon-Odysseys"]
[Black "Bousios, Hristos"]
[Result "1/2-1/2"]
[WhiteElo "1949"]
[BlackElo "2219"]
[PlyCount "48"]
[EventDate "2017.08.26"]

1. d4 g6 2. Nf3 Bg7 3. c4 c5 4. e4 Qa5+ 5. Nc3 Nc6 6. dxc5 Bxc3+ 7. bxc3 Nf6 8.
Qc2 Nxe4 9. Be2 Nxc5 10. O-O d6 11. Nd4 Bd7 12. Bf3 O-O 13. Bh6 Rfe8 14. Nb3
Qa4 15. Qd1 Qxc4 16. Bd5 Qh4 17. Nxc5 dxc5 18. Qd2 Rad8 19. Bg5 Qh5 20. Qf4 h6
21. Qxf7+ Kh8 22. Bf6+ exf6 23. Qxf6+ Kh7 24. Qf7+ Kh8 1/2-1/2

[Event "25th International Tournament Nikaia"]
[Site "Nikaia"]
[Date "2017.08.29"]
[Round "4.15"]
[White "Gazis, Efstathios"]
[Black "Ornithopoulos, Nikolaos"]
[Result "1-0"]
[WhiteElo "2212"]
[BlackElo "1974"]
[PlyCount "54"]
[EventDate "2017.08.26"]

1. e4 g6 2. d4 Bg7 3. Nc3 c5 4. dxc5 Bxc3+ 5. bxc3 Qa5 6. Bd3 Qxc3+ 7. Bd2 Qxc5
8. Nf3 Nc6 9. O-O Nf6 10. Bh6 d6 11. Rb1 a6 12. Qd2 Ng4 13. Bg7 Rg8 14. Ba1
Nge5 15. Nxe5 Nxe5 16. Bd4 Qc7 17. Qh6 Be6 18. a4 g5 19. Rfd1 f6 20. Bxe5 dxe5
21. Be2 g4 22. Qe3 Kf7 23. Rb6 Rgd8 24. Rxe6 Rxd1+ 25. Bxd1 Kxe6 26. Qb3+ Kd7
27. Bxg4+ Kc6 1-0

[Event "25th International Tournament Nikaia"]
[Site "Nikaia"]
[Date "2017.08.29"]
[Round "4.16"]
[White "Nikolaou, Spiridon"]
[Black "Rahmanidis, Petros"]
[Result "1-0"]
[WhiteElo "2196"]
[BlackElo "1960"]
[PlyCount "63"]
[EventDate "2017.08.26"]

1. d4 Nf6 2. c4 c5 3. d5 e6 4. Nc3 exd5 5. cxd5 d6 6. Nf3 g6 7. h3 Bg7 8. e4
O-O 9. Bd3 b5 10. Nxb5 Nxe4 11. Bxe4 Re8 12. Ng5 h6 13. Ne6 Qa5+ 14. Nc3 Ba6
15. Bd2 fxe6 16. Bxg6 Nd7 17. Ne4 Qb6 18. Bc3 Ne5 19. Bxe8 Rxe8 20. Qh5 Nd3+
21. Kd2 Rf8 22. dxe6 Bxc3+ 23. bxc3 Rxf2+ 24. Ke3 c4+ 25. Nc5 Qxc5+ 26. Qxc5
dxc5 27. Rhf1 Rxg2 28. Rab1 Rg3+ 29. Ke4 Rg2 30. Rb8+ Kh7 31. Rf7+ Kg6 32. Rg8+
1-0

[Event "25th International Tournament Nikaia"]
[Site "Nikaia"]
[Date "2017.08.29"]
[Round "4.17"]
[White "Nemtsas, Hristoforos"]
[Black "Loutragotis, Dimitrios"]
[Result "1-0"]
[WhiteElo "1938"]
[BlackElo "2194"]
[PlyCount "151"]
[EventDate "2017.08.26"]

1. d4 Nf6 2. c4 g6 3. Nc3 Bg7 4. e4 d6 5. Nf3 O-O 6. h3 e5 7. d5 Na6 8. Bg5 Qe8
9. g4 Nc5 10. Nd2 a5 11. Be2 c6 12. Be3 Bd7 13. Bxc5 dxc5 14. g5 Nh5 15. Bxh5
gxh5 16. Qxh5 a4 17. Qe2 Qd8 18. h4 a3 19. b3 Qa5 20. Rc1 f5 21. Kd1 fxe4 22.
Ndxe4 Rf4 23. Rg1 Bf5 24. Nf6+ Kh8 25. Qxe5 Rd4+ 26. Ke2 Bg6 27. Qe7 cxd5 28.
h5 Bd3+ 29. Ke3 Bf5 30. Ne8 Qxc3+ 31. Rxc3 Re4+ 32. Qxe4 d4+ 33. Kf4 Bxe4 34.
Nxg7 dxc3 35. Kxe4 Kxg7 36. Kd3 Rf8 37. Kxc3 Rxf2 38. Rd1 Rxa2 39. Rd7+ Kg8 40.
Rd8+ Kf7 41. Rd7+ Kg8 42. h6 Rg2 43. Rg7+ Kf8 44. Rxh7 a2 45. Rh8+ Kf7 46. Ra8
Kg6 47. Kd3 Rxg5 48. Rxa2 Rg3+ 49. Kc2 Kxh6 50. Ra7 b6 51. Rb7 Rg6 52. Kb2 Kg5
53. Ka3 Kf4 54. Ka4 Ke4 55. Kb5 Kd4 56. Rxb6 Rg5 57. Rc6 Rg8 58. Rd6+ Kc3 59.
Kxc5 Kxb3 60. Rb6+ Kc3 61. Kb5 Kd4 62. Rd6+ Ke5 63. c5 Rb8+ 64. Kc6 Ra8 65. Kb7
Ra5 66. Kb6 Ra1 67. Kc7 Ra5 68. Kb6 Ra1 69. Rd2 Rb1+ 70. Kc7 Rc1 71. c6 Ke6 72.
Kb7 Rb1+ 73. Kc8 Rc1 74. c7 Ke7 75. Rb2 Kd6 76. Kb8 1-0

[Event "25th International Tournament Nikaia"]
[Site "Nikaia"]
[Date "2017.08.29"]
[Round "4.18"]
[White "Giannakoulopoulos, Spyridon"]
[Black "Grigoriadis, Alexandros"]
[Result "0-1"]
[WhiteElo "1929"]
[BlackElo "2189"]
[PlyCount "56"]
[EventDate "2017.08.26"]

1. Nf3 g6 2. e4 c5 3. d4 cxd4 4. c3 d3 5. Qxd3 Bg7 6. Be2 Nc6 7. O-O Nf6 8. c4
O-O 9. Nc3 d6 10. Rd1 Bg4 11. Bd2 Nd7 12. Be1 Rc8 13. b3 Nc5 14. Qe3 f5 15.
exf5 Rxf5 16. Rac1 Qf8 17. Nb5 Bh6 18. Qc3 Bxc1 19. Qxc1 Bxf3 20. Bxf3 Rxf3 21.
gxf3 Qxf3 22. Nc3 Qg4+ 23. Kf1 Rf8 24. Qe3 Rf3 25. Qe2 Qh3+ 26. Kg1 Rxc3 27.
Bxc3 Qxc3 28. Qg4 Ne5 0-1

[Event "25th International Tournament Nikaia"]
[Site "Nikaia"]
[Date "2017.08.29"]
[Round "4.19"]
[White "Sirigos, Nikolaos"]
[Black "Kontos, Alexandros K"]
[Result "1-0"]
[WhiteElo "2181"]
[BlackElo "1965"]
[PlyCount "99"]
[EventDate "2017.08.26"]

1. e4 e5 2. Bc4 Nf6 3. d3 Nc6 4. Nc3 Na5 5. Nge2 Be7 6. Ng3 d6 7. h3 Nxc4 8.
dxc4 c6 9. Qd3 Be6 10. Bg5 Qb6 11. Bxf6 Bxf6 12. b3 O-O 13. O-O Rad8 14. Rad1
g6 15. Qd2 Kg7 16. Na4 Qc7 17. Qc3 h5 18. Rd3 h4 19. Ne2 a6 20. Rfd1 b5 21. Nb2
Rd7 22. Rf3 Rfd8 23. Nd3 Be7 24. Nef4 Bf6 25. Nxe6+ fxe6 26. c5 d5 27. Re1 Rf8
28. b4 Rdf7 29. a4 d4 30. Qb3 Qe7 31. axb5 axb5 32. Ra1 Re8 33. Ra6 Qc7 34. Qa2
Ree7 35. Nb2 Bg5 36. Rxf7+ Rxf7 37. Nd3 Re7 38. Ra8 Bd2 39. Qa6 Qd7 40. Rc8 Rf7
41. Rxc6 Be3 42. Rd6 Qe7 43. Rxe6 Qg5 44. Rxg6+ Qxg6 45. Qxg6+ Kxg6 46. Nxe5+
Kf6 47. Nxf7 Bd2 48. c6 Ke7 49. c7 Kd7 50. Nd6 1-0